[Event "Bad Woerishofen op 19th"]
[Site "Bad Woerishofen"]
[Date "2003.03.16"]
[Round "4"]
[White "Santner, Thomas"]
[Black "Steinhardt, Stefan"]
[Result "1/2-1/2"]
[WhiteElo "1969"]
[BlackElo "2230"]
[PlyCount "33"]
[EventDate "2003.03.13"]
[EventType "swiss"]
[EventRounds "9"]
[EventCountry "GER"]
[SourceTitle "CBM 093 Extra"]
[Source "ChessBase"]
[SourceDate "2003.05.09"]
[SourceVersion "1"]
[SourceVersionDate "2003.05.09"]
[SourceQuality "1"]

1. e4 Nf6 2. e5 Nd5 3. c4 Nb6 4. d4 d6 5. f4 dxe5 6. fxe5 Nc6 7. Be3 Bf5 8. Nc3 e6 9. Nf3 Qd7 10. Be2 Rd8 11. 0-0 Be7 12. Qd2 0-0 13. Rac1 f6 14. Rfd1 Bg4 15. Qe1 Bxf3 16. gxf3 Qe8 17. f4 1/2-1/2

[Event "Bad Woerishofen op 16th"]
[Site "Bad Woerishofen"]
[Date "2000.03.22"]
[Round "6"]
[White "Santner, Thomas"]
[Black "Hilbig, Olaf"]
[Result "1-0"]
[WhiteElo "1935"]
[BlackElo "2234"]
[PlyCount "117"]
[EventDate "2000.03.??"]
[EventType "swiss"]
[EventRounds "9"]
[EventCountry "GER"]
[SourceTitle "CBM 075 Extra"]
[Source "ChessBase"]
[SourceDate "2000.05.11"]
[SourceVersion "2"]
[SourceVersionDate "2000.05.11"]
[SourceQuality "1"]

1. e4 c5 2. Nf3 d6 3. d4 cxd4 4. Nxd4 Nf6 5. Nc3 g6 6. Be3 Bg7 7. f3 0-0 8. Bc4 Nc6 9. Qd2 Ne5 10. Bb3 Bd7 11. 0-0-0 Rc8 12. Bh6 Nc4 13. Bxc4 Rxc4 14. Bxg7 Kxg7 15. g4 Qa5 16. h4 Rfc8 17. Kb1 Kg8 18. Nd5 Qxd2 19. Nxf6+ Kg7 20. Rxd2 Kxf6 21. Rhd1 h6 22. Ne2 g5 23. h5 Be6 24. Nc3 R4c5 25. Re1 b5 26. Red1 R8c7 27. Rd4 a5 28. R1d2 Ke5 29. Ne2 b4 30. Nc1 Bc4 31. a3 bxa3 32. b3 Bb5 33. c4 Bc6 34. Ka2 Kf4 35. R2d3 Ke5 36. Kxa3 Rb7 37. Ne2 Rd7 38. Nc3 e6 39. Ne2 d5 40. exd5 exd5 41. Re3+ Kf6 42. Nc3 Re7 43. Rxe7 Kxe7 44. Nxd5+ Kd6 45. Nb4+ Ke6 46. Nxc6 Rxc6 47. Rd5 f6 48. Ka4 Ke7 49. Kxa5 Re6 50. Rf5 Kd7 51. b4 Kc7 52. b5 Kb7 53. c5 Kc7 54. c6 Rd6 55. Rc5 Rd3 56. b6+ Kc8 57. c7 Rb3 58. Rd5 Kb7 59. Rd8 1-0

[Event "Bad Woerishofen op 16th"]
[Site "Bad Woerishofen"]
[Date "2000.03.21"]
[Round "5"]
[White "Wittfoth, Kai Uwe"]
[Black "Santner, Thomas"]
[Result "1/2-1/2"]
[WhiteElo "2150"]
[BlackElo "1935"]
[PlyCount "46"]
[EventDate "2000.03.??"]
[EventType "swiss"]
[EventRounds "9"]
[EventCountry "GER"]
[SourceTitle "CBM 075 Extra"]
[Source "ChessBase"]
[SourceDate "2000.05.11"]
[SourceVersion "2"]
[SourceVersionDate "2000.05.11"]
[SourceQuality "1"]

1. d4 Nf6 2. c4 g6 3. Nf3 Bg7 4. g3 0-0 5. Bg2 d6 6. 0-0 Nbd7 7. b3 c6 8. Nbd2 Qc7 9. Bb2 e5 10. Qc2 Re8 11. e4 b6 12. Rfe1 Bb7 13. Rad1 Rad8 14. h3 Nf8 15. dxe5 dxe5 16. c5 b5 17. b4 N6d7 18. Nf1 Ne6 19. Rd2 Ndf8 20. Red1 Rxd2 21. Rxd2 Rd8 22. Rxd8 Nxd8 23. Qc3 f6 1/2-1/2